000
00277nam a22001217a 4500
082
_a
158
_b
BAN/S
100
_a
BANSAL,RASHMI
245
_a
STAY HUNGRY STAY FOOLISH
260
_a
NEW DELHI
_b
WESTLAND
300
_a
363
650
_a
PERSONALITY DEVELOPMENT
_z
NEW DELHI
942
_c
BK
999
_c
5190
_d
5190